|
|
|
|
| LEADER |
01637nam a2200325 a 4500 |
| 001 |
16026581 |
| 008 |
120702s2011 caua b 000 0 eng |
| 010 |
|
|
|a 2009051845
|
| 020 |
|
|
|a 9788132105732
|
| 020 |
|
|
|a 9781412980197 (pbk.)
|
| 020 |
|
|
|a 1412980194 (pbk.)
|
| 040 |
|
|
|a DLC
|c DLC
|d BTCTA
|d YDXCP
|d C#P
|d BWX
|d CDX
|d DLC
|d BD-DhAAL
|
| 050 |
0 |
0 |
|a HD57.7
|b .C372 2011
|
| 082 |
0 |
0 |
|a 658.4/092
|2 22
|
| 245 |
0 |
0 |
|a Cases in leadership /
|c [edited by] W. Glenn Rowe, Laura Guerrero.
|
| 250 |
|
|
|a 2nd ed.
|
| 260 |
|
|
|a Los Angeles ;
|a New Delhi :
|b Sage Publications,
|c c2011.
|
| 300 |
|
|
|a viii, 465 p. :
|b ill. ;
|c 24 cm.
|
| 490 |
1 |
|
|a The Ivey casebook series
|
| 504 |
|
|
|a Includes bibliographical references.
|
| 541 |
|
|
|e 00025549
|
| 505 |
0 |
|
|a Leadership : what is it? -- Leadership trait approach -- Leadership skills approach -- Leader style approach -- The situational approach to leadership -- The contingency theory of leadership -- The path-goal theory of leadership -- The leader-member exchange theory of leadership -- Transformational leadership -- Authentic leadership -- Team leadership -- Strategic leadership -- Women and leadership -- Culture and leadership -- Ethical leadership.
|
| 650 |
|
0 |
|a Leadership
|v Case studies.
|
| 650 |
|
0 |
|a Management
|v Case studies.
|
| 700 |
1 |
|
|a Rowe, W. Glenn.
|
| 700 |
1 |
|
|a Guerrero, Laura.
|
| 830 |
|
0 |
|a Ivey casebook series.
|
| 852 |
1 |
|
|a Ayesha Abed Library
|c General shelf.
|
| 999 |
|
|
|c 12494
|d 12494
|
| 952 |
|
|
|0 0
|1 0
|2 ddc
|4 0
|6 658_409200000000000_CAS
|7 0
|9 20652
|a IGS
|b IGS
|c GEN
|d 2012-07-03
|e karim International
|g 735.00
|l 1
|m 3
|o 658.4092 CAS
|p 3010025549
|r 2014-06-09
|s 2012-12-31
|t 1
|w 2012-07-05
|y BK
|